[Event "Cutro op-B 14th"]
[Site "Cutro"]
[Date "2008.05.01"]
[Round "7"]
[White "D'Elia, Mario Domenico"]
[Black "Olivo, Ilaria"]
[Result "1-0"]
[WhiteElo "1446"]
[BlackElo "1500"]
[PlyCount "65"]
[EventDate "2008.04.25"]
[EventType "swiss"]
[EventRounds "7"]
[EventCountry "ITA"]
[SourceTitle "EXT 2009"]
[Source "ChessBase"]
[SourceDate "2008.11.26"]
[SourceVersion "1"]
[SourceVersionDate "2008.11.26"]
[SourceQuality "1"]

1. f4 f5 2. Nf3 Nc6 3. e3 e6 4. b3 Nf6 5. Bb2 Be7 6. Be2 0-0 7. 0-0 b6 8. a3 Bb7 9. d3 d5 10. Nbd2 Bc5 11. d4 Bd6 12. Bd3 Ne4 13. Qe1 Be7 14. Kh1 Rf6 15. Be2 Rh6 16. Nxe4 fxe4 17. Ng1 Qe8 18. Nh3 Qg6 19. Qd1 Rf8 20. Bg4 Rh4 21. Be2 Qh6 22. Rf2 g5 23. fxg5 Bxg5 24. Rxf8+ Kxf8 25. Qf1+ Kg8 26. c4 Bxe3 27. cxd5 exd5 28. Qf5 Nxd4 29. Bxd4 Bxd4 30. Rf1 Qg7 31. Qe6+ Kh8 32. Qe8+ Qg8 33. Rf8 1-0

[Event "Cutro op-B 14th"]
[Site "Cutro"]
[Date "2008.04.27"]
[Round "3"]
[White "Soluri, Francesco"]
[Black "Olivo, Ilaria"]
[Result "1/2-1/2"]
[WhiteElo "1452"]
[BlackElo "1500"]
[PlyCount "96"]
[EventDate "2008.04.25"]
[EventType "swiss"]
[EventRounds "7"]
[EventCountry "ITA"]
[SourceTitle "EXT 2009"]
[Source "ChessBase"]
[SourceDate "2008.11.26"]
[SourceVersion "1"]
[SourceVersionDate "2008.11.26"]
[SourceQuality "1"]

1. e4 c5 2. Nf3 d6 3. d3 Nf6 4. Be2 Nc6 5. c3 e5 6. 0-0 Be7 7. Bg5 0-0 8. Nbd2 d5 9. Bxf6 Bxf6 10. exd5 Qxd5 11. Ne4 Be7 12. Qc2 f5 13. Ng3 Qd8 14. Rad1 Be6 15. b3 Bd5 16. Rd2 Bg5 17. Nxg5 Qxg5 18. Qd1 Rae8 19. f3 Rf6 20. Rf2 Rg6 21. Bf1 Qh4 22. Nxf5 Qg5 23. Ng3 Rf8 24. Ne4 Qh4 25. g3 Qh5 26. Bg2 Rh6 27. Bh1 Ne7 28. Qe2 Bxe4 29. Qxe4 b6 30. Rde2 Nc6 31. Re3 Rff6 32. Rg2 Qf5 33. Qxf5 Rxf5 34. Rge2 Rd6 35. Bg2 Rf8 36. f4 exf4 37. gxf4 Rxf4 38. Re8+ Rf8 39. Rxf8+ Kxf8 40. Bxc6 Rxc6 41. Kf1 Rf6+ 42. Ke1 Rf3 43. Rf2 Rxf2 44. Kxf2 Ke7 45. Ke3 Ke6 46. Ke4 g5 47. d4 cxd4 48. cxd4 h5 1/2-1/2

[Event "Cutro op-B 14th"]
[Site "Cutro"]
[Date "2008.04.26"]
[Round "2"]
[White "Olivo, Ilaria"]
[Black "Policastrese, Salvatore"]
[Result "0-1"]
[WhiteElo "1500"]
[BlackElo "1446"]
[PlyCount "154"]
[EventDate "2008.04.25"]
[EventType "swiss"]
[EventRounds "7"]
[EventCountry "ITA"]
[SourceTitle "EXT 2009"]
[Source "ChessBase"]
[SourceDate "2008.11.26"]
[SourceVersion "1"]
[SourceVersionDate "2008.11.26"]
[SourceQuality "1"]

1. d4 Nf6 2. c4 g6 3. Nc3 Bg7 4. e4 d6 5. Nf3 Nc6 6. Bg5 Bg4 7. Be2 0-0 8. h3 Bxf3 9. Bxf3 e5 10. d5 Nd4 11. Bg4 h6 12. Bxf6 Qxf6 13. 0-0 h5 14. Be2 Bh6 15. Nb5 Nxb5 16. cxb5 Bf4 17. Qd3 Kg7 18. Qf3 Rh8 19. g3 Bh6 20. Qxf6+ Kxf6 21. f4 exf4 22. gxf4 Ke7 23. Rac1 Rac8 24. Rc2 Kd7 25. e5 Bg7 26. Kg2 Rhf8 27. exd6 Kxd6 28. Rd1 Rfe8 29. Kf3 f6 30. Bd3 g5 31. fxg5 fxg5 32. Bg6 Rf8+ 33. Ke2 Rh8 34. b3 g4 35. hxg4 hxg4 36. Bf5 Rce8+ 37. Kd3 g3 38. Rg1 Be5 39. Ke3 Ref8 40. Be4 Rh3 41. Kd3 Ke7 42. a4 Kf6 43. Rf1+ Kg7 44. Rxf8 Kxf8 45. Bg2 Rh4 46. Rc4 Rh2 47. Re4 Rxg2 48. Rxe5 Rf2 49. Re1 Rf3+ 50. Ke2 Rxb3 51. Rf1+ Ke7 52. Rf3 Rxf3 53. Kxf3 Kd6 54. Kxg3 Kxd5 55. Kf3 Kc5 56. Ke3 Kb4 57. Kd4 Kxa4 58. Kc5 b6+ 59. Kc6 Ka5 60. Kxc7 Kxb5 61. Kd6 a5 62. Kd5 a4 63. Kd4 Ka5 64. Kc3 b5 65. Kb2 b4 66. Ka2 b3+ 67. Ka3 Kb5 68. Kb2 Kb4 69. Ka1 Kc3 70. Kb1 b2 71. Ka2 Kc2 72. Ka3 b1Q 73. Kxa4 Kc3 74. Ka5 Kc4 75. Ka6 Kc5 76. Ka7 Kc6 77. Ka8 Qb7# 0-1

[Event "Crotone Province-ch 07"]
[Site "Cutro"]
[Date "2006.12.09"]
[Round "5"]
[White "Scerra, Ezio"]
[Black "Olivo, Ilaria"]
[Result "0-1"]
[WhiteElo "1392"]
[BlackElo "1419"]
[PlyCount "78"]
[EventDate "2006.12.07"]
[EventType "swiss"]
[EventRounds "7"]
[EventCountry "ITA"]
[SourceTitle "EXT 2024"]
[Source "ChessBase"]
[SourceDate "2023.10.10"]
[SourceVersion "1"]
[SourceVersionDate "2023.10.10"]
[SourceQuality "1"]

1. Nf3 Nf6 2. c3 d5 3. d4 Bg4 4. e3 e6 5. Be2 Be7 6. Nbd2 Nc6 7. Ng1 Bxe2 8. Nxe2 e5 9. Ng3 Qd7 10. Nh5 0-0 11. Nxf6+ Bxf6 12. dxe5 Nxe5 13. Nf3 Rfe8 14. Nxe5 Rxe5 15. 0-0 c5 16. c4 Rd8 17. f4 Re4 18. Qxd5 Qxd5 19. cxd5 Rxd5 20. Rb1 a6 21. Kf2 b5 22. Kf3 Re6 23. b4 h6 24. bxc5 Rxc5 25. Bd2 Rc2 26. Rfd1 Rxa2 27. Be1 Ra3 28. Bf2 g5 29. g3 Rc3 30. Rb4 Rb6 31. fxg5 hxg5 32. Rg4 b4 33. Be1 Rb3 34. Rd5 Rb1 35. Rdxg5+ Bxg5 36. Rxg5+ Kf8 37. Bd2 b3 38. Ba5 Rb7 39. Bc3 b2 0-1

[Event "Crotone Province-ch 07"]
[Site "Cutro"]
[Date "2006.12.07"]
[Round "1"]
[White "Mano, Dionigi"]
[Black "Olivo, Ilaria"]
[Result "1-0"]
[WhiteElo "1667"]
[BlackElo "1419"]
[PlyCount "65"]
[EventDate "2006.12.07"]
[EventType "swiss"]
[EventRounds "7"]
[EventCountry "ITA"]
[SourceTitle "EXT 2024"]
[Source "ChessBase"]
[SourceDate "2023.10.10"]
[SourceVersion "1"]
[SourceVersionDate "2023.10.10"]
[SourceQuality "1"]

1. d4 Nf6 2. c4 e6 3. Nc3 Bb4 4. Bg5 0-0 5. e3 b6 6. Bd3 Bb7 7. f3 d6 8. Nge2 Nbd7 9. 0-0 Re8 10. e4 c5 11. Nb5 cxd4 12. a3 a6 13. Nbxd4 Bc5 14. Kh1 Bxd4 15. Nxd4 Rc8 16. Rc1 Ne5 17. Be2 h6 18. Bh4 d5 19. cxd5 Rxc1 20. Qxc1 exd5 21. Nf5 Ng6 22. Bg3 dxe4 23. Bc7 Qd5 24. Nd6 Re7 25. Bc4 Qc6 26. Nxb7 Rxc7 27. Bxf7+ Kh7 28. Qxc6 Rxc6 29. fxe4 Rc7 30. Nd8 Rd7 31. Bxg6+ Kxg6 32. Ne6 Nxe4 33. Nf8+ 1-0

[Event "Cutro op-B 12th"]
[Site "Cutro"]
[Date "2006.04.25"]
[Round "3"]
[White "Macri, Pasquale"]
[Black "Olivo, Ilaria"]
[Result "1-0"]
[WhiteElo "1379"]
[BlackElo "1392"]
[PlyCount "154"]
[EventDate "2006.04.23"]
[EventType "swiss"]
[EventRounds "9"]
[EventCountry "ITA"]
[SourceTitle "EXT 2007"]
[Source "ChessBase"]
[SourceDate "2006.11.23"]
[SourceVersion "1"]
[SourceVersionDate "2006.11.23"]
[SourceQuality "1"]

1. e4 c5 2. Nf3 d6 3. d4 cxd4 4. Nxd4 Nf6 5. Nc3 a6 6. Nd5 e5 7. Nxf6+ Qxf6 8. Nf3 Bg4 9. Be2 Nc6 10. c3 Qg6 11. h3 Bxf3 12. Bxf3 Be7 13. Bh5 Qxe4+ 14. Kf1 0-0 15. Qg4 Qxg4 16. Bxg4 h6 17. f4 e4 18. Ke2 d5 19. Rd1 Rad8 20. Be3 f5 21. Bb6 Rd7 22. Bh5 Rf6 23. Be8 Rdd6 24. Bc5 Rde6 25. Bd4 Rf8 26. Bxc6 bxc6 27. Rac1 Bf6 28. c4 Bxd4 29. cxd5 cxd5 30. Rxd4 Rd8 31. Rcd1 Red6 32. b4 Kf7 33. Rc1 Ke6 34. Rc7 g5 35. g3 R8d7 36. Rc8 Rg7 37. Ke3 gxf4+ 38. Kxf4 Kd7 39. Rc5 Ke6 40. a4 h5 41. b5 axb5 42. Rxb5 Rgd7 43. a5 Ra6 44. Rb6+ Rxb6 45. axb6 Rb7 46. Rb4 Kf6 47. Ke3 Ke5 48. Rb5 Kd6 49. Kd4 Ke6 50. Kc5 Kd7 51. Kxd5 e3 52. Rb2 Rb8 53. Kc5 Re8 54. Re2 Kc8 55. Kd4 Re4+ 56. Kd3 Rb4 57. Kxe3 Rxb6 58. Kf4 Rf6 59. Re5 Kd7 60. Rxf5 Rxf5+ 61. Kxf5 Ke7 62. Kg5 Kf7 63. Kxh5 Kg7 64. g4 Kh7 65. h4 Kg7 66. g5 Kh7 67. Kg4 Kg6 68. h5+ Kg7 69. h6+ Kh7 70. Kh5 Kg8 71. Kg6 Kh8 72. Kf6 Kg8 73. g6 Kh8 74. g7+ Kg8 75. Kg5 Kh7 76. Kf6 Kg8 77. h7+ Kxh7 1-0

[Event "Cutro Weekend op"]
[Site "Cutro"]
[Date "2006.03.26"]
[Round "4"]
[White "Olivo, Ilaria"]
[Black "Macri, Pasquale"]
[Result "0-1"]
[WhiteElo "1377"]
[BlackElo "1374"]
[PlyCount "46"]
[EventDate "2006.03.24"]
[EventType "swiss"]
[EventRounds "5"]
[EventCountry "ITA"]
[SourceTitle "EXT 2024"]
[Source "ChessBase"]
[SourceDate "2023.10.10"]
[SourceVersion "1"]
[SourceVersionDate "2023.10.10"]
[SourceQuality "1"]

1. d4 d5 2. c4 e6 3. Nc3 c5 4. Bf4 a6 5. a4 Nf6 6. e3 cxd4 7. exd4 Bb4 8. Qc2 dxc4 9. Bxc4 Qxd4 10. Qb3 Bxc3+ 11. Qxc3 Qxf4 12. Bb5+ Nfd7 13. Qxc8+ Ke7 14. Qxh8 Qe4+ 15. Ne2 Qb4+ 16. Kf1 axb5 17. Qxg7 Qb3 18. Qc3 Qd5 19. Qb4+ Ke8 20. Nc3 Qd3+ 21. Ke1 Nc6 22. Qg4 Nd4 23. Rd1 Nc2# 0-1

[Event "Cutro weekend op 3rd"]
[Site "Cutro"]
[Date "2005.06.19"]
[Round "3"]
[White "Levato, Biagio"]
[Black "Olivo, Ilaria"]
[Result "1-0"]
[WhiteElo "1531"]
[BlackElo "1467"]
[PlyCount "49"]
[EventDate "2005.06.18"]
[EventType "swiss"]
[EventRounds "6"]
[EventCountry "ITA"]
[SourceTitle "EXT 2007"]
[Source "ChessBase"]
[SourceDate "2006.11.23"]
[SourceVersion "1"]
[SourceVersionDate "2006.11.23"]
[SourceQuality "1"]

1. Nf3 Nf6 2. g3 b6 3. Bg2 Bb7 4. d3 e6 5. e4 Nc6 6. 0-0 Bc5 7. d4 Nxd4 8. Nxd4 e5 9. Nb3 Qe7 10. Re1 0-0-0 11. Nc3 h6 12. Nxc5 Qxc5 13. Be3 Qc4 14. Bf1 Qe6 15. Bg2 g5 16. Qd2 Rdg8 17. Rad1 Rg6 18. f3 Ne8 19. a4 f5 20. exf5 Qxf5 21. Nd5 Qf7 22. c4 Rd6 23. Qc3 Qe6 24. Bd4 exd4 25. Qxd4 1-0

[Event "Cutro op-B 11th"]
[Site "Cutro"]
[Date "2005.04.27"]
[Round "4"]
[White "Olivo, Ilaria"]
[Black "Camposano, Francesco"]
[Result "1-0"]
[WhiteElo "1467"]
[BlackElo "1455"]
[PlyCount "80"]
[EventDate "2005.04.23"]
[EventType "swiss"]
[EventRounds "5"]
[EventCountry "ITA"]
[SourceTitle "CBM 106 Extra"]
[Source "ChessBase"]
[SourceDate "2005.07.01"]
[SourceVersion "1"]
[SourceVersionDate "2005.07.01"]
[SourceQuality "1"]

1. e4 e6 2. d4 d6 3. c4 Nf6 4. Bg5 Be7 5. Nc3 b6 6. Nf3 Nbd7 7. Bd3 Ng4 8. Bd2 Bb7 9. 0-0 e5 10. d5 Nc5 11. Bc2 Ba6 12. b3 Nf6 13. b4 Bxc4 14. Re1 Bd3 15. bxc5 Bxc2 16. Qxc2 dxc5 17. Nxe5 Qd6 18. Nc4 Qd7 19. Rab1 Ng4 20. Nb5 c6 21. dxc6 Qxc6 22. Qa4 0-0 23. Qb3 Qf6 24. Re2 a6 25. Nc7 Qh4 26. h3 Rad8 27. hxg4 Bd6 28. Nxd6 Rxd6 29. Qh3 Qd8 30. Nd5 Re6 31. Rb3 c4 32. Rf3 Rfe8 33. Nc3 b5 34. Bc1 Rd6 35. g5 Rd1+ 36. Nxd1 Qxd1+ 37. Kh2 Qxe2 38. Qg4 Rxe4 39. Qh5 Re5 40. Qxf7+ Kh8 1-0